Pensions law and practice / (Record no. 4844)

MARC details
000 -LEADER
fixed length control field 01051nam a2200169Ia 4500
020 ## - INTERNATIONAL STANDARD BOOK NUMBER
ISBN 1859413404
020 ## - INTERNATIONAL STANDARD BOOK NUMBER
ISBN 9781859413401
050 ## - CALL NUMBER
Classification number KD3249
Item number .C39
100 1# - AUTHOR
Personal name Chatterton, David A.
245 10 - TITLE
Title Pensions law and practice /
Statement of responsibility, etc David A. Chatterton.
260 ## - PUBLICATION INFORMATION
Place of publication London ; Sydney :
Name of publisher Cavendish Pub.,
Year of publication 1998.
300 ## - DESCRIPTION
Number of Pages xxiv, 180 pages.
Dimensions 24cm.
500 ## - NOTES
General note Includes index.
505 ## - FORMATTED CONTENTS NOTE
Table of Content State benefits; occupational pensions; personal pensions; pension scheme documentation; small self-administered pension schemes; retirement benefits; contracting-out of serps; early leavers; additional voluntary contributions and freestanding additional voluntary contributions; trustees; the role of the actuary; pension fund investments; divorce assignment and forfeiture; equal treatment; dispute resolutions; surpluses; winding-up; regulations; alternative provisions for old age; pension planning; partnerships; the foreign element; the Goode report; The Pensions Act 1995 and the future.
650 #0 - SUBJECTS
Topical Term Pensions
General subdivision Law and legislation
942 ## - ADDED ENTRY ELEMENTS (KOHA)
Koha item type Books
Holdings
Withdrawn status Lost status Collection code Home library Current library Shelving location Date acquired Source of acquisition Full call number Accession Number Koha item type
    Reference Methodist University Law Library Methodist University Law Library General Stacks   Legon Book Shop KD3249 .C39 5064 Books
    Reference Methodist University Law Library Methodist University Law Library General Stacks   Legon Book Shop KD3249 .C39 5067 Books
Copyright © 2026  MUG Library